Analýza príčin únavového lomu nosného rámu lisu

Na minha lista:
Detalhes bibliográficos
Autor principal: Porubský, Daniel (Author)
Outros Autores: Margetin, Matúš (Thesis advisor)
Formato: Manuscrito Livro
Idioma:eslovaco
Publicado em: 2019
Assuntos:
Acesso em linha:http://is.stuba.sk/zp/portal_zp.pl?podrobnosti=145277
Tags: Adicionar Tag
Sem tags, seja o primeiro a adicionar uma tag!

MARC

LEADER 00000ntm a22000003a 4500
001 stuzp75550
003 SK-STU
005 20190608213652.2
007 ta
008 150427s2015----xo-----f-mn---000-0-slo-d
040 |a STU  |b slo 
041 0 |a slo 
100 1 |a Porubský, Daniel  |u 020010  |k Z4  |4 aut  |U SjF Strojnícka fakulta  |T SjF Ústav aplikovanej mechaniky a mechatroniky  |X 76666  |U J0010  |Y 801  |7 76666 
242 0 1 |a Analysis of causes of fatigue fracture of the press frame  |y eng 
245 1 0 |a Analýza príčin únavového lomu nosného rámu lisu 
260 |c 2019 
650 4 |a únava materiálu  |2 slo 
650 4 |a tenzometre  |2 slo 
650 4 |a vrubový účinok  |2 slo 
650 4 |a fatigue  |2 eng 
650 4 |a strain gauge  |2 eng 
650 4 |a notch factor  |2 eng 
700 1 |a Margetin, Matúš  |u 020010  |k Z2  |4 ths  |U SjF Strojnícka fakulta  |T SjF Ústav aplikovanej mechaniky a mechatroniky  |X 14278  |U J0010  |Y 801  |7 A000014278 
856 4 |u http://is.stuba.sk/zp/portal_zp.pl?podrobnosti=145277